01807nam a2200409 a 4500001001200000003000800012006001900020007001500039008004100054010001700095020004300112020001800155020002700173040002100200035002100221043001200242050002400254082002000278245017100298260006200469300002300531490003700554504006600591505018000657533015200837650003700989650003401026650002301060655002901083700002601112700002701138700002201165710001701187830005001204856012601254999001701380ebr10641568CaPaEBRm u cr cn|||||||||100225s2011 paua sb 001 0 eng d z 2010004564 z9780812242584 (hardcover : alk. paper) z9780812222654 z9780812200089 (e-book) aCaPaEBRcCaPaEBR a(OCoLC)793012552 an-us---14aHT123b.N355 2011eb04a304.2/3097322200aNeighborhood and life chancesh[electronic resource] :bhow place matters in modern America /cedited by Harriet B. Newburger, Eugenie L. Birch, and Susan M. Wachter. aPhiladelphia :bUniversity of Pennsylvania Press,cc2011. axv, 368 p. :bill.1 aCity in the twenty-first century aIncludes bibliographical references ( p.[317]-349) and index.0 apt. 1. People and places : heath, education, and safety -- pt. 2. Geographies of opportunity -- pt. 3. Moving people out of poverty -- pt. 4. Segregation : the power of place. aElectronic reproduction.bPalo Alto, Calif. :cebrary,d2013.nAvailable via World Wide Web.nAccess may be limited to ebrary affiliated libraries. 0aCities and townszUnited States. 0aNeighborhoodszUnited States. 0aPlace (Philosophy) 7aElectronic books.2local1 aNewburger, Harriet B.1 aBirch, Eugenie Ladner.1 aWachter, Susan M.2 aebrary, Inc. 0aCity in the twenty-first century book series.40uhttp://site.ebrary.com/lib/rucke/Doc?id=10641568zAn electronic book accessible through the World Wide Web; click to view c42851d42851